Normal view
MARC view
- Sagar, P. Vidya
Entry Personal Name
001 - CONTROL NUMBER
- control field: 21707
003 - CONTROL NUMBER IDENTIFIER
- control field: NUST
005 - DATE AND TIME OF LATEST TRANSACTION
- control field: 20190926161055.0
008 - FIXED-LENGTH DATA ELEMENTS
- fixed length control field: 190926|| aca||aabn | a|a d
040 ## - CATALOGING SOURCE
- Original cataloging agency: NUST
- Transcribing agency: NUST
100 ## - HEADING--PERSONAL NAME
- Personal name: Sagar, P. Vidya
670 ## - SOURCE DATA FOUND
- Source citation: Work cat.: (NUST): Sagar, P. Vidya, Library Classification /, 2005.
